| 000 | 01251nam a2200313 c 4500 | ||
|---|---|---|---|
| 003 | BLK | ||
| 005 | 20240103093300.0 | ||
| 008 | 180408b bul|||||r ||||||| ||bul|| | ||
| 010 | _aKNG00056865000 | ||
| 020 |
_a954-775-525-0 _bиздат.: Фабер |
||
| 040 | _aBLK | ||
| 041 |
_aBUL _cBUL |
||
| 080 |
_aБългарска литература _b821.163.2 _x-31 _z821.163.2-31 |
||
| 100 | 1 |
_aАндреев, Емил _eпърви автор _gИванов, Емил Андреев _9259607 |
|
| 139 |
_aАндреев, Емил _bА 66 |
||
| 245 | 1 | 0 |
_aСтъклената река _bРоман _cЕмил Андреев. |
| 250 | _a2. изд. | ||
| 257 | _aBGR | ||
| 260 |
_аВ. Търново _bФабер _c2005 |
||
| 300 |
_a328 с. _c20 см |
||
| 380 | _aX | ||
| 500 | _a1. изд. на изд. Изток-Запад. - Романът е носител на наградата на читателите за Роман на 2005 год. ; на наградата ВИК за най-добър бълг. роман на 2005 год. | ||
| 852 | _aЦб 225650 | ||
| 856 | 4 |
_qpdf _u |
|
| 856 | 4 |
_qpdf _u |
|
| 942 |
_cKNG _n0 _016 |
||
| 944 |
_aCR _c28.11.2005 _k30531 _lЦветелина Шанова |
||
| 944 |
_aED _c04.05.2007 _k |
||
| 999 |
_c52935 _d52935 |
||